000 01211cad a22002175a 4500
001 J122669
008 030618s2003 xxk 000 0 eng u
035 _a(Sirsi) u122669
041 _aeng.
050 _a306.1
_c18
110 _aNational Centre for Social Research
_94125
245 _aSurvey of English Housing - new results: April-September 2002-03
_h[electronic resource]
260 _aLondon
_bODPM
_c2003
520 _aThe Survey of English Housing is a continuous ODPM survey which collects housing data on owner occupation and the social and private rented sector. This preview presents some new findings from the first six months of the 2002-03 survey. Results for the whole of 2002-03 will be published at the end of 2003. Since April 1999 the survey has been carried out by the National Centre for Social Research, a leading social research institute.
650 _aSURVEY OF ENGLISH HOUSING
650 _aHOUSING STATISTICS
690 _aHOUSING
710 _aDepartment for Transport, Local Government and the Regions
_94091
856 _uhttps://www.communities.gov.uk/archived/publications/housing/hss17
_vView the preview of the 2002-03 findings on the DCLG's website....
942 _n0
999 _c102905
_d102905